000 01142nam a22002177a 4500
999 _c1695
_d1695
003 AR-CdUCM
008 190227b ||||| |||| 00| 0 spa d
020 _a0862100003
040 _aMUNICIPALIDAD PROVINCIAL DEL CUSCO
_cBIBLIOTECA MUNICIPAL DEL CUSCO
082 _a348.4 /
_bSA24
100 _aSandoval Aguirre, Oswaldo
_96276
245 _aLey orgánica para el aprovechamiento sostenible de los recursos naturales :
_bantecedentes y comentarios /
260 _aLima :
_bAli Arte Gráfico-Publicaciones,
_c1997.
300 _a500 páginas ;
_c20 cm.
505 _aContenido: Proyecto de ley orgánica para el aprovechamiento de recursos naturales y de las aguas -- Análisis en base a los proyectos iniciales de ley en la comisión de Ambiente, Ecología y Amazonia -- Proyecto de consenso suscrito por los miembros de la comisión de Ambiente, Ecología y Amazonia -- Documento de trabajo para el debate y aprobación de la fórmula legal del dictamen de la comisión ...
650 _aDesarrollo agrícola
_91453
650 _aLegislación
_92962
650 _aRecursos naturales - Perú
_96277
942 _2ddc
_cLIBROS
945 _aachl